Une lettre suffit pour répondre juste #82 (attention 10 lettres tuent) - Statistiques

Statistiques générales
  • Ce quiz a été pris 78 fois
  • Le résultat moyen est 3 sur 6
Statistiques - réponses
Hint Réponse % Correct
Donne une des 5 lettres qui complète le nom de la marque commerciale de la barre de chocolat en photo (ici en version européenne) : _ _ _ _ _ WAY
MILKY
100%
Donne une des 4 lettres du prénom de : - de Rambo interprété par Sylvester Stallone dans la saga cinématographique - du Docteur Carter interprété par Noah Wyle dans la série TV Urgences (ER) - du sixième président américain Quincy Adams JOHN
76%
Donne une des 3 lettres de l'abrégé de la locution adverbiale issue du latin médiéval qui signifie "et d'autres choses manquent" et qui est utilisée pour montrer qu'une liste n'est pas exhaustive : _ _ _ ETC (Et cetera)
65%
Donne une des 2 lettres qui complète le personnage joué ici par Kad Merad : Jean-Michel ça _ _ ?
VA
58%
Donne la première lettre du prénom et nom du 28e président des États-Unis, en fonction du 4 mars 1913 au 4 mars 1921 W (Woodrow Wilson)
8%
Donne la dernière lettre des deux anciens noms de la ville de Saint-Pétersbourg (1914 à 1924 puis de 1924 à 1991) D (Pétrograd et Léningrad)
5%
Aucun quiz correspondant
Distribution des résultats
% des personnes avec chaque résultat
Percentile par nombre de réponses
Votre historique - résultats
Vous n’avez pas pris ce quiz